Random Trivia #4 - Animals - Statistics

General Stats
  • This quiz has been taken 18 times
  • The average score is 16 of 16
Answer Stats
Picture Answer % Correct
Bear
100%
Butterfly
100%
Chicken
100%
Crocodile
100%
Deer
100%
Dog
100%
Elephant
100%
Fox
100%
Monkey
100%
Raccoon
100%
Shark
100%
Spider
100%
Tiger
100%
Giraffe
94%
Hedgehog
94%
Aardvark
63%
No matching quizzes found
Score Distribution
Percent of People with Each Score
Percentile by Number Answered
Your Score History
You have not taken this quiz